The law of contract. (Record no. 97082)

MARC details
000 -LEADER
fixed length control field 00666cam a2200253 4500
008 - FIXED-LENGTH DATA ELEMENTS--GENERAL INFORMATION
fixed length control field 090401t1998 xxu||||| |||| 00| 0 eng d
020 ## - INTERNATIONAL STANDARD BOOK NUMBER
International Standard Book Number 1860127932
035 ## - SYSTEM CONTROL NUMBER
System control number (Sirsi) u85902
041 ## - LANGUAGE CODE
Language code of text/sound track or separate title eng
050 ## - LIBRARY OF CONGRESS CALL NUMBER
Classification number 346.4102
100 ## - MAIN ENTRY--PERSONAL NAME
Personal name Koffman, Laurence
245 #4 - TITLE STATEMENT
Title The law of contract.
250 ## - EDITION STATEMENT
Edition statement 3rd ed.
260 ## - PUBLICATION, DISTRIBUTION, ETC.
Place of publication, distribution, etc. Croydon, Surrey
Name of publisher, distributor, etc. Tolley Publishing Company Limited
Date of publication, distribution, etc. 1998
300 ## - PHYSICAL DESCRIPTION
Extent xxxviii,558p. ; 24cm.
350 ## - PRICE (NR) (BK AM CF MU VM SE) [OBSOLETE]
Price 27
520 ## - SUMMARY, ETC.
Summary, etc. Superceded by the fourth edition. ISBN: 0754512762
650 ## - SUBJECT ADDED ENTRY--TOPICAL TERM
Topical term or geographic name entry element CONTRACT LAW
650 ## - SUBJECT ADDED ENTRY--TOPICAL TERM
Topical term or geographic name entry element Contracts
9 (RLIN) 6232
690 ## - LOCAL SUBJECT ADDED ENTRY--TOPICAL TERM (OCLC, RLIN)
Topical term or geographic name as entry element LAW
700 ## - ADDED ENTRY--PERSONAL NAME
Personal name Macdonald, Elizabeth
942 ## - ADDED ENTRY ELEMENTS (KOHA)
Suppress in OPAC 0
948 ## - LOCAL PROCESSING INFORMATION (OCLC); SERIES PART DESIGNATOR (RLIN)
c (OCLC) 29/04/1998
Holdings
Withdrawn status Lost status Source of classification or shelving scheme Damaged status Not for loan Home library Current library Shelving location Date acquired Cost, normal purchase price Total Checkouts Full call number Barcode Date last seen Date last checked out Copy number Cost, replacement price Price effective from Koha item type
    Dewey Decimal Classification     London London Basement 21/05/1998 27.00 11 RESERVE 30055608 06/08/2019 01/05/2007 1 27.00 06/08/2019 Book